Nuevas tendencias del moderno derecho económico

Guardat en:
Dades bibliogràfiques
Autors principals: Valdés Prieto, Domingo (Autor), Vásquez Duque, Omar (Autor)
Format: Llibre
Idioma:espanyol
Publicat: Santiago Legal Publishing 2014
Edició:1a. ed
Col·lecció:Monografías
Matèries:
Etiquetes: Afegir etiqueta
Sense etiquetes, Sigues el primer a etiquetar aquest registre!

MARC

LEADER 00000cam a2200000 a 4500
001 UCE2948
003 CL-VaPUC
008 140807e20140600cl |||||||||||||||||spa|d
020 |a 9789563464559 
082 0 4 |a 343.830721  |b VAL  |2 21 
100 0 |a Valdés Prieto, Domingo  |e author  |9 575470 
700 0 |a Vásquez Duque, Omar  |e author  |9 575471 
245 1 0 |a Nuevas tendencias del moderno derecho económico 
250 |a 1a. ed 
300 |a 318 p 
942 |c BK 
945 |d 20140807 14:45:00  |a dcastane 
260 |a Santiago  |b Legal Publishing  |c 2014 
650 0 |a Derecho comercial chileno  |9 430902 
650 0 |a Monopolios  |9 255549 
650 0 |a Derecho económico   |9 259197 
650 0 |a Aspectos jurídicos  |9 328188 
583 |a last modification  |c 20140807 14:45:00  |k Rodrigo Vera 
490 0 |a Monografías 
999 |c 356462  |d 356460 
952 |0 0  |1 0  |3 erb  |4 0  |6 343_830721000000000_VAL_2014  |7 0  |8 A  |9 463811  |a BIBDER  |b BIBDER  |i 509318K  |l 2  |o 343.830721 VAL 2014  |p 509318K  |r 2023-12-21  |s 2023-12-13  |w 2019-11-23  |y BK  |z Catalogado en:20140807  |k DER